| 000 | 02686nam a2200397Ii 4500 | ||
|---|---|---|---|
| 001 | DIGDYK0017 | ||
| 003 | NyNyDIG | ||
| 006 | m o d | ||
| 007 | cr ||||||||||| | ||
| 008 | 130201s2007 sp ob 000 0 spa d | ||
| 020 | _z8498491401 | ||
| 020 | _z9788498491401 | ||
| 035 | _a(OCoLC)752429401 | ||
| 040 |
_aDGITA _beng _epn _cDGITA |
||
| 050 | 1 | 4 | _aPN4833 eBook |
| 245 | 0 | 0 |
_aAproximaciones al periodismo digital / _cAntonio García Jiménez y Paloma Rupérez Rubio (eds.). |
| 264 | 1 |
_aMadrid : _bEditorial Dykinson, S.L. : _bUniversidad Rey Juan Carlos, Servicio de Publicaciones, _c2007. |
|
| 300 |
_a1 online resource (361 pages) : _bill. |
||
| 336 |
_atext _btxt _2rdacontent |
||
| 337 |
_acomputer _bc _2rdamedia |
||
| 338 |
_aonline resource _bcr _2rdacarrier |
||
| 490 | 1 |
_aCiencias de la comunicación ; _v13. |
|
| 504 | _aIncludes bibliographical references. | ||
| 505 | 0 | _aIntroducción / Ricardo Pérez-Amat -- La información en la sociedad red / Antonio Rodríguez de las Heras -- Reflexiones en torno a una historia del periodismo digital / Paloma Rupérez Rubio -- El nuevo profesional y las nuevas profesiones / Xosé López; Marita Otero, Xosé Pereira y Manuel Gago -- El tratamiento la información en el medio digital / Fernando Moreno Martín -- Periodismo en red y arquitectura de la información / Antonio García Jiménez -- Visualización de la información / Alfonso Palazón Meseguer -- Nuevas posibilidades del periódico digital on line / Pablo R. Prieto -- El hipertexto en los géneros informativos / Ricardo Vizcaíno-Laorga -- Géneros informativos en la redacción periodística hipertextual / Gloria Gómez-Escalonilla -- Géneros de opinión en Internet / Lourdes Martínez Rodríguez -- El periodismo de fuentes en Internet / Carmen Clara Rodríguez Alonso -- Nuevos soportes y formatos para un periodismo cívico / José María García de Madariaga -- Publicidad y audiencias online / Fernando Bermejo -- Radio en línea / Koldobika Meso Ayerdi -- Televisión y vídeo en Internet. Situación, perspectivas y oferta actual / Francisco Vacas Aguilar -- Propiedad intelectual en Internet / Marina Santín Durán. | |
| 650 | 0 | _aDigital media. | |
| 650 | 0 | _aOnline journalism. | |
| 655 | 0 | _aElectronic books. | |
| 700 | 1 |
_aGarcía Jiménez, Antonio, _d1969- |
|
| 700 | 1 | _aRupérez Rubio, Paloma. | |
| 791 | 2 |
_aDigitalia (Firm), _edistributor. |
|
| 830 | 0 |
_aCiencias de la comunicación (Madrid, Spain) ; _v13. |
|
| 793 | 0 |
_gDigitalia eBook Collection: _aDykinson Editorial |
|
| 856 | 4 | 0 |
_3Digitalia Hispánica _uhttps://www.digitaliapublishing.com/a/6417/ |
| 910 | _aPremium Collection: 2007-2012 | ||
| 942 | _cRAA | ||
| 999 |
_c231632 _d231632 |
||